[Event "Copenhagen Chess Challenge 2018"]
[Site "Ballerup"]
[Date "2018.04.26"]
[Round "2"]
[White "Sundin, Sven-Ingvar"]
[Black "Stray, Gunnar"]
[Result "0-1"]
[WhiteElo "1663"]
[BlackElo "2042"]
[EventDate "2018.04.25"]
[EventRounds "9"]
[EventCountry "Danmark"]
[WhiteFideId "1724517"]
[BlackFideId "1501631"]

1. e4 c5 2. c3 Nf6 3. e5 Nd5 4. Nf3 e6 5. d4 cxd4 6. cxd4 Nc6 7. Nc3 Nxc3 8. bxc3 d6 9. Bb5 Bd7 10. O-O Nxe5 11. Bxd7+ Nxd7 12. Qb3 Qc7 13. Bd2 Be7 14. Rfe1 O-O 15. Re2 d5 16. Rae1 Bf6 17. Qc2 Rac8 18. g4 g6 19. h4 Bg7 20. h5 Nf6 21. hxg6 hxg6 22. g5 Ne4 23. Re3 b5 24. Rc1 Qe7 25. Ree1 b4 26. Qb2 bxc3 27. Bxc3 Nxg5 28. Nh2 Ne4 29. Bb4 Qg5+ 30. Kf1 Rb8 31. Qa3 Rfe8 32. Nf3 Qf5 33. Ke2 Ng5 34. Nxg5 Qxg5 35. Bc5 Qg4+ 36. Kf1 Bxd4 37. Qa4 Qh3+ 38. Kg1 Qg3+  0-1

[Event "Copenhagen Chess Challenge 2018"]
[Site "Ballerup"]
[Date "2018.04.26"]
[Round "2"]
[White "Nielsen, Thomas"]
[Black "Pakmor, Claus"]
[Result "0-1"]
[WhiteElo "1585"]
[BlackElo "2010"]
[EventDate "2018.04.25"]
[EventRounds "9"]
[EventCountry "Danmark"]
[WhiteFideId "1431676"]
[BlackFideId "1431609"]

1. a3 c5 2. Nf3 Nc6 3. g3 d5 4. d4 cxd4 5. Nxd4 e5 6. Nxc6 bxc6 7. Bg2 Ba6 8. O-O Nf6 9. Nc3 Be7 10. Re1 O-O 11. Na2 Qc7 12. Bd2 Rab8 13. Nb4 Bb7 14. Rc1 c5 15. Na2 c4 16. Bb4 Rfd8 17. e3 Bxb4 18. Nxb4 a5 19. Na2 Bc8 20. b4 Bg4 21. f3 Be6 22. c3 Qa7 23. Qa4 d4 24. cxd4 exd4 25. exd4 Qxd4+ 26. Kh1 Qf2 27. Red1 Qxa2 28. Qxa5 Rd2 29. Ra1 Qc2 30. Rdc1 Qd3 31. Qe5 Re8 32. Rc3 Rd1+  0-1

[Event "Copenhagen Chess Challenge 2018"]
[Site "Ballerup"]
[Date "2018.04.26"]
[Round "2"]
[White "Thybo, Thomas Sondergaard"]
[Black "Jorgensen, Olav Erstad"]
[Result "1-0"]
[WhiteElo "2004"]
[BlackElo "1636"]
[EventDate "2018.04.25"]
[EventRounds "9"]
[EventCountry "Danmark"]
[WhiteFideId "1441299"]
[BlackFideId "1457063"]

1. e4 c5 2. Nf3 d6 3. d4 cxd4 4. Nxd4 Nf6 5. Nc3 a6 6. h3 e5 7. Nde2 Be7 8. g4 d5 9. exd5 b5 10. Bg2 Bb7 11. a3 b4 12. axb4 Bxb4 13. O-O O-O 14. f4 exf4 15. Bxf4 Bc5+ 16. Kh1 Nbd7 17. Bg5 Re8 18. Ra4 h6 19. Bh4 g5 20. Bf2 Bxf2 21. Rxf2 Qb6 22. Qd4 Qxb2 23. Rb4  1-0

[Event "Copenhagen Chess Challenge 2018"]
[Site "Ballerup"]
[Date "2018.04.26"]
[Round "2"]
[White "Saravana, Vedant Kumar"]
[Black "Harstad, Christian"]
[Result "1/2-1/2"]
[WhiteElo "1447"]
[BlackElo "2000"]
[EventDate "2018.04.25"]
[EventRounds "9"]
[EventCountry "Danmark"]
[WhiteFideId "45059730"]
[BlackFideId "1504045"]

1. e4 c5 2. Nf3 d6 3. d4 cxd4 4. Nxd4 Nf6 5. Nc3 a6 6. Be2 e5 7. Nf3 Be6 8. O-O Nbd7 9. Ng5 Rc8 10. Nxe6 fxe6 11. Bg5 Be7 12. Bxf6 Nxf6 13. Bg4 Qd7 14. Nd5 Rc6 15. Nxf6+ Bxf6 16. c3 O-O 17. Qd5 exd5 18. Bxd7 Rb6 19. Be6+ Kh8 20. Bxd5 Rxb2 21. Rab1 Rc2 22. Rxb7 Rxc3 23. Rb6 a5 24. Rxd6 h6 25. Rc6 Rxc6 26. Bxc6 Be7 27. Bd5 Bc5 28. g3 Kh7 29. Kg2 g5 30. f3 h5 31. Rb1 Kg6 32. Rb5 Bb4 33. Rb6+ Rf6 34. Rb8 Bc5 35. Rg8+ Kh6 36. Rh8+ Kg6 37. Rb8 g4 38. Rb3 gxf3+ 39. Rxf3 Rxf3 40. Kxf3 Kg5 41. h3 Bd4 42. h4+ Kh6 43. g4 hxg4+ 44. Kxg4 Bc3 45. h5 Bd4 46. Bf7 Bc3 47. Bd5 Bd4 48. Bf7 Bc3 49. Kf5 Bd4 50. Kg4 Bc3 51. Kf5 Bd4 52. Kg4 Bc3 53. Kf5 Bd4 54. Kg4 Bc3  1/2-1/2

[Event "Copenhagen Chess Challenge 2018"]
[Site "Ballerup"]
[Date "2018.04.26"]
[Round "2"]
[White "Stampe, Roger"]
[Black "Hentley, Darryl"]
[Result "1-0"]
[WhiteElo "1992"]
[BlackElo "1544"]
[EventDate "2018.04.25"]
[EventRounds "9"]
[EventCountry "Danmark"]
[WhiteFideId "1512102"]
[BlackFideId "16205650"]

1. f4 e5 2. fxe5 Nc6 3. Nf3 d6 4. e4 Nd4 5. c3 Nxf3+ 6. Qxf3 dxe5 7. Bc4 Nf6 8. O-O Bc5+ 9. d4 Bxd4+ 10. Kh1 Bg4 11. Qg3 Qd7 12. cxd4 Qxd4 13. Na3 O-O-O 14. Bg5 Nxe4 15. Qxg4+ Kb8 16. Qh4 f6 17. Bc1 h6 18. Qe1 a6 19. Rb1 Nd6 20. Be3 Qg4 21. Be2 Qg6 22. Qb4 Qe4 23. Qb3 f5 24. Bf3 Qh4 25. Bf2 Qf6 26. Nc4 Nb5 27. a4 e4 28. Bxe4 Nd6 29. Nxd6 b6 30. Qd5  1-0

[Event "Copenhagen Chess Challenge 2018"]
[Site "Ballerup"]
[Date "2018.04.26"]
[Round "2"]
[White "Sorensen, Per Settergren"]
[Black "Sorensen, Bernhard W"]
[Result "1-0"]
[WhiteElo "2034"]
[BlackElo "1762"]
[EventDate "2018.04.25"]
[EventRounds "9"]
[EventCountry "Danmark"]
[WhiteFideId "1413872"]
[BlackFideId "1442074"]

1. Nf3 f5 2. d4 Nf6 3. g3 e6 4. Bg2 d5 5. O-O Bd6 6. c4 c6 7. b3 Qe7 8. Ne5 O-O 9. Bb2 Nbd7 10. Nd2 Ne4 11. e3 Ndf6 12. Ndf3 Bd7 13. Nd3 Be8 14. Nfe5 Bh5 15. f3 Ng5 16. Qd2 Nd7 17. Nf4 Be8 18. Rfc1 Nxe5 19. dxe5 Bc7 20. a4 dxc4 21. Rxc4 c5 22. Qc3 b6 23. b4 Bc6 24. e4 b5 25. axb5 Bxb5 26. bxc5 Bxc4 27. Qxc4 fxe4 28. fxe4 Kh8 29. h4 Nf7 30. Nd3 Rfd8 31. Ra6 Qd7 32. Rd6 Nxd6 33. exd6 Bxd6 34. cxd6 Qxd6 35. Qc3 Rd7 36. e5 Qb6+ 37. Kh2 Rad8 38. Nf4 Rc7 39. Qa3 Re8 40. Bc3 Rec8 41. Bb4 Rc4 42. Bd6 Rc3 43. Qa2 Qe3 44. Nh5 Rc2 45. Qxe6 Qf3 46. Qxc8+ Rxc8 47. Bxf3  1-0

[Event "Copenhagen Chess Challenge 2018"]
[Site "Ballerup"]
[Date "2018.04.26"]
[Round "2"]
[White "Larsen, Preben R."]
[Black "Bronnum, Jan"]
[Result "0-1"]
[WhiteElo "1796"]
[BlackElo "2088"]
[EventDate "2018.04.25"]
[EventRounds "9"]
[EventCountry "Danmark"]
[WhiteFideId "1425790"]
[BlackFideId "1400908"]

1. e4 d5 2. exd5 Qxd5 3. Nc3 Qa5 4. Nf3 Nf6 5. Be2 Bg4 6. d3 c6 7. Bd2 Qc7 8. Nd4 Bd7 9. O-O e5 10. Nb3 Be7 11. Be3 O-O 12. Bc5 Re8 13. Bxe7 Rxe7 14. Qd2 c5 15. Bf3 Bc6 16. Ne4 Bxe4 17. dxe4 c4 18. Nc1 Nc6 19. c3 Rd8 20. Qc2 Red7 21. Qa4 Na5 22. b4 Nc6 23. Ne2 Rd2 24. Rad1 b5  0-1

[Event "Copenhagen Chess Challenge 2018"]
[Site "Ballerup"]
[Date "2018.04.26"]
[Round "2"]
[White "Urkedal, Frode Olav Olsen"]
[Black "Mikalsen, Erlend"]
[Result "1-0"]
[WhiteElo "2560"]
[BlackElo "2307"]
[EventDate "2018.04.25"]
[EventRounds "9"]
[EventCountry "Danmark"]
[WhiteFideId "1506102"]
[BlackFideId "1507338"]

1. d4 Nf6 2. c4 e6 3. Nc3 Bb4 4. Qc2 O-O 5. Nf3 d5 6. cxd5 exd5 7. Bg5 h6 8. Bh4 Be6 9. e3 Nbd7 10. Bd3 c5 11. a3 Bxc3+ 12. bxc3 Qa5 13. O-O Rac8 14. Qb2 Ne4 15. Rfc1 Nb6 16. c4 g5 17. cxd5 Bxd5 18. Bxe4 Bxe4 19. dxc5 Rxc5 20. Rxc5 Qxc5 21. Nd2 Bc6 22. Bg3 f5 23. Rc1 Qe7 24. Be5 Na4 25. Qa1 Nc5 26. Bd4 Ne6 27. Bxa7 Ra8 28. Qe5 Rxa7 29. Qb8+ Qd8 30. Qxa7 Qxd2 31. Qb8+ Kf7 32. Rf1 Qd5 33. f3 Qc5 34. Re1 Qxa3 35. Qh8 Qb4 36. Ra1 Qf8 37. Qh7+ Kf6 38. Ra5 Qg7 39. Qxf5+ Ke7 40. Qc2 h5 41. h4 g4 42. Rxh5 Qa1+ 43. Kf2 gxf3 44. Rh7+ Kd6 45. Qd2+ Kc5 46. Rh5+ Kb6 47. gxf3 Qa4 48. Kg3 Qc4 49. Qa5#  1-0

[Event "Copenhagen Chess Challenge 2018"]
[Site "Ballerup"]
[Date "2018.04.26"]
[Round "2"]
[White "Boe, Mads"]
[Black "Hector, Jonny"]
[Result "1/2-1/2"]
[WhiteElo "2301"]
[BlackElo "2502"]
[EventDate "2018.04.25"]
[EventRounds "9"]
[EventCountry "Danmark"]
[WhiteFideId "1401408"]
[BlackFideId "1700090"]

1. d4 d5 2. c4 c6 3. cxd5 cxd5 4. Nc3 e5 5. dxe5 d4 6. Ne4 Qa5+ 7. Nd2 Nc6 8. Ngf3 Bg4 9. g3 Bxf3 10. exf3 Bb4 11. Bd3 Nxe5 12. Qe2 Ne7 13. f4 Nxd3+ 14. Qxd3 O-O 15. O-O Nc6 16. Nf3 Rfe8 17. a3 Bf8 18. Bd2 Qb6 19. b4 a6 20. Rfe1 g6 21. Rxe8 Rxe8 22. Re1 Rd8 23. f5 Qb5 24. Qxb5 axb5 25. fxg6 hxg6 26. Bg5 Rd5 27. Rd1 Bg7 28. Bc1 Ne7 29. Kf1 Nc8 30. Ke2 Nb6 31. g4 Rd6 32. Be3 Nd5 33. Bxd4 Nf4+ 34. Ke1 Re6+ 35. Be3 Ng2+ 36. Ke2 Bb2 37. Nd4 Re5 38. Nc2 Re8 39. Rb1 Nf4+ 40. Kf3 Nd3 41. Bd4 Rc8 42. Bxb2 Rxc2 43. Bd4 Rc4 44. Ba1 g5 45. Rd1 Rf4+ 46. Kg3 Nxf2 47. Rd8+ Kh7 48. Rh8+ Kg6 49. Rg8+  1/2-1/2

[Event "Copenhagen Chess Challenge 2018"]
[Site "Ballerup"]
[Date "2018.04.26"]
[Round "2"]
[White "Haugli, Petter"]
[Black "Thybo, Jesper Sondergaard"]
[Result "0-1"]
[WhiteElo "2250"]
[BlackElo "2473"]
[EventDate "2018.04.25"]
[EventRounds "9"]
[EventCountry "Danmark"]
[WhiteFideId "1500104"]
[BlackFideId "1438832"]

1. c4 c5 2. Nc3 b6 3. e4 Bb7 4. Nf3 d6 5. d4 cxd4 6. Nxd4 Nf6 7. f3 e6 8. Be3 Be7 9. Be2 O-O 10. O-O Nbd7 11. Qd2 a6 12. Rfd1 Rc8 13. Rac1 Qc7 14. Qe1 Rfe8 15. g4 h6 16. h4 Nh7 17. f4 Nhf6 18. Bf3 Nc5 19. Bf2 Nh7 20. g5 hxg5 21. hxg5 e5 22. Nd5 Bxd5 23. cxd5 exd4 24. b4 Nd3  0-1

[Event "Copenhagen Chess Challenge 2018"]
[Site "Ballerup"]
[Date "2018.04.26"]
[Round "2"]
[White "Sonis, Francesco"]
[Black "Hobber, Anders"]
[Result "1/2-1/2"]
[WhiteElo "2448"]
[BlackElo "2268"]
[EventDate "2018.04.25"]
[EventRounds "9"]
[EventCountry "Danmark"]
[WhiteFideId "895733"]
[BlackFideId "1505424"]

1. e4 c6 2. d4 d5 3. e5 c5 4. dxc5 e6 5. Nf3 Bxc5 6. a3 Nc6 7. b4 Bb6 8. Bb2 Nge7 9. Bd3 Ng6 10. O-O O-O 11. Re1 f6 12. exf6 gxf6 13. c4 dxc4 14. Bxc4 Qxd1 15. Rxd1 Kg7 16. b5 Na5 17. Nbd2 Nxc4 18. Nxc4 Bc5 19. Rac1 b6 20. Ng5 Nf4 21. Rd2 a6 22. bxa6 Bxa6 23. g3 Kg6 24. gxf4 fxg5 25. Ne5+ Kh5 26. Nd7 Rxf4 27. Be5 Rf5 28. Nxc5 Rxe5 29. Nd7 Ra5 30. Nxb6 Rb8 31. Nd7 Rb3 32. Nc5 Rbxa3 33. Nxe6 Ra1 34. Rdd1 Rxc1 35. Rxc1 Re5 36. Nd4 Rd5 37. Nb3 Be2 38. Nc5 Rd1+ 39. Rxd1 Bxd1 40. Nd7 Kg6 41. Kg2 h5 42. h3 Kf5 43. Nc5 Bc2 44. h4 gxh4 45. Kh3 Kf4 46. Ne6+ Kf3 47. Nd4+ Kxf2 48. Nxc2 Ke2 49. Kxh4 Kd2 50. Kxh5  1/2-1/2

[Event "Copenhagen Chess Challenge 2018"]
[Site "Ballerup"]
[Date "2018.04.26"]
[Round "2"]
[White "Moe, Mogens"]
[Black "Genov, Petar"]
[Result "1/2-1/2"]
[WhiteElo "2233"]
[BlackElo "2435"]
[EventDate "2018.04.25"]
[EventRounds "9"]
[EventCountry "Danmark"]
[WhiteFideId "1400550"]
[BlackFideId "2900211"]

1. e4 c5 2. Nf3 d6 3. d4 cxd4 4. Nxd4 Nf6 5. Nc3 a6 6. Bg5 Nbd7 7. f4 b5 8. Qf3 Bb7 9. Bd3 e6 10. O-O-O Qb6 11. Nce2 Be7 12. Rhe1 h6 13. Bh4 Nc5 14. Ng3 Ncd7 15. Nge2 Rc8 16. Bf2 Nc5 17. Ng3 O-O 18. Kb1 Qc7 19. Qe2 Rfe8 20. e5 dxe5 21. fxe5 Nd5 22. Qg4 Bf8 23. Nh5 Kh8 24. Bh4 Nd7 25. Bg3 Nb4 26. a3 Nxd3 27. Rxd3 Nc5 28. Rc3 Qb6 29. Bh4 b4 30. axb4 Qxb4 31. Rf1 Ne4 32. Rxc8 Rxc8 33. Rxf7 Nd2+ 34. Kc1 Nb3+ 35. Kb1 Nd2+ 36. Kc1 Nb3+ 37. Kb1 Nd2+ 38. Kc1  1/2-1/2

[Event "Copenhagen Chess Challenge 2018"]
[Site "Ballerup"]
[Date "2018.04.26"]
[Round "2"]
[White "Brynell, Stellan"]
[Black "Pajeken, Wolfgang"]
[Result "0-1"]
[WhiteElo "2420"]
[BlackElo "2243"]
[EventDate "2018.04.25"]
[EventRounds "9"]
[EventCountry "Danmark"]
[WhiteFideId "1700219"]
[BlackFideId "4622170"]

1. Nf3 d5 2. g3 Nf6 3. Bg2 Nc6 4. O-O e5 5. d3 Be7 6. c4 dxc4 7. dxc4 Qxd1 8. Rxd1 Be6 9. b3 O-O 10. Bb2 Nd7 11. Nc3 f6 12. Nd2 Rfc8 13. Nd5 Bf8 14. Ne4 Nd8 15. f4 c6 16. Ne3 exf4 17. gxf4 Rc7 18. Nd6 Nc5 19. Ba3 b6 20. Rd2 Ndb7 21. Nxb7 Nxb7 22. Bxf8 Kxf8 23. Rad1 Re8 24. Kf2 Bc8 25. Nf1 Ke7 26. Ng3 f5 27. h4 Rd8 28. Rxd8 Nxd8 29. e4 fxe4 30. Bxe4 h6 31. Re1 Kf8 32. Kf3 Ne6 33. f5 Nd4+ 34. Kf4 Re7 35. b4 Bd7 36. c5 bxc5 37. bxc5 Be8 38. Rb1 Nb5 39. a4 Nc3 40. Rb8 Nxa4 41. f6 gxf6 42. Nf5 Re6 43. Nd4 Re5 44. Nxc6 Rxc5 45. Ra8 Nc3 46. Bf3 Nd5+ 47. Bxd5 Rxd5 48. Ke4 Rh5 49. Nd4 Rxh4+ 50. Kd5 Kf7 51. Rxa7+ Kg6 52. Ne2 Bf7+ 53. Kd6 Re4 54. Nc3 Re3 55. Nb5 h5 56. Ra1 h4 57. Nd4 Kg5 58. Rg1+ Rg3 59. Rf1 h3 60. Nf3+ Kh5 61. Ke7 Bd5 62. Nh2 Kg5 63. Kd6 Bg2 64. Ra1 Rd3+ 65. Kc5 f5 66. Kc4 Rd8 67. Ra7 Kf4 68. Rg7 Rd1  0-1

[Event "Copenhagen Chess Challenge 2018"]
[Site "Ballerup"]
[Date "2018.04.26"]
[Round "2"]
[White "Bjerre, Jonas Buhl"]
[Black "Laustsen, Lars"]
[Result "1-0"]
[WhiteElo "2378"]
[BlackElo "2205"]
[EventDate "2018.04.25"]
[EventRounds "9"]
[EventCountry "Danmark"]
[WhiteFideId "1444948"]
[BlackFideId "1407554"]

1. e4 c5 2. Nf3 d6 3. d4 cxd4 4. Nxd4 Nf6 5. Nc3 a6 6. Bg5 e6 7. f4 Nbd7 8. Qf3 Qc7 9. O-O-O b5 10. Bd3 Bb7 11. Rhe1 Qb6 12. Nd5 Qxd4 13. Bxf6 gxf6 14. Bxb5 Qc5 15. b4 Qa7 16. Nxf6+ Ke7 17. Bxd7 Kxf6 18. Qg3 Ke7 19. Ba4 Qb6 20. Qh4+ f6 21. e5 Bg7 22. Rxd6  1-0

[Event "Copenhagen Chess Challenge 2018"]
[Site "Ballerup"]
[Date "2018.04.26"]
[Round "2"]
[White "Jacobsen, Mikkel Manosri"]
[Black "Hoi, Carsten"]
[Result "1-0"]
[WhiteElo "2172"]
[BlackElo "2374"]
[EventDate "2018.04.25"]
[EventRounds "9"]
[EventCountry "Danmark"]
[WhiteFideId "1444514"]
[BlackFideId "1400100"]

1. d4 d5 2. Bf4 c5 3. e3 Nc6 4. c3 Nf6 5. Nd2 Qb6 6. Qb3 c4 7. Qc2 Bg4 8. e4 e6 9. f3 Bh5 10. Ne2 Bg6 11. Bg5 Bd6 12. Qc1 h6 13. Bh4 Nd7 14. g4 h5 15. g5 Qc7 16. Bg2 Bxh2 17. Nxc4 dxc4 18. f4 e5 19. Rxh2 exd4 20. cxd4 Nb4 21. Rh3 Rc8 22. Kf1 Nd3 23. Qd2 f5 24. e5 Nb6 25. b3 Qe7 26. bxc4 Nb4 27. a3 Na6 28. c5 Nc4 29. Qc2 b5 30. Be1 Nc7 31. a4 a6 32. axb5 axb5 33. Bc6+ Kf8 34. Bf2 Qe6 35. Bb7 Rb8 36. Ra7 Nd5 37. Bxd5 Qxd5 38. Nc3 Qd8 39. c6 Rc8 40. d5 b4 41. Rd7 Qa5 42. Nb1 Na3 43. Qc5+ Qxc5 44. Bxc5+ Kg8 45. Nxa3 bxa3 46. Bxa3 h4 47. c7 Bh5 48. Rxh4  1-0

[Event "Copenhagen Chess Challenge 2018"]
[Site "Ballerup"]
[Date "2018.04.26"]
[Round "2"]
[White "Strange, Mikkel"]
[Black "Shamima, Akter"]
[Result "1-0"]
[WhiteElo "2363"]
[BlackElo "2176"]
[EventDate "2018.04.25"]
[EventRounds "9"]
[EventCountry "Danmark"]
[WhiteFideId "1402765"]
[BlackFideId "10202587"]

1. e4 c5 2. c3 d5 3. exd5 Qxd5 4. d4 Nf6 5. Nf3 e6 6. Na3 Be7 7. Nb5 Qd8 8. dxc5 Bxc5 9. Qxd8+ Kxd8 10. b4 a6 11. Nbd4 Bd6 12. Bg5 Ke7 13. Bd3 h6 14. Bh4 Nbd7 15. O-O g5 16. Rfe1 Kf8 17. Bg3 Be7 18. a3 Nh5 19. Bc7 Ndf6 20. c4 Bd7 21. g3 Ne8 22. Bb6 Nhf6 23. Ne5 Kg7 24. Nb3 Ba4 25. Nc5 Bxc5 26. Bxc5 Nd7 27. Bd4 Nef6 28. Nxd7 Bxd7 29. f4 g4 30. Bc3 Rhd8 31. h3 Bc6 32. Bc2 gxh3 33. g4 e5 34. Kh2 Nxg4+ 35. Kxh3 h5 36. fxe5 Kh6 37. Kh4 Rd7 38. e6 Re7 39. exf7 Rxf7 40. Re6+  1-0

[Event "Copenhagen Chess Challenge 2018"]
[Site "Ballerup"]
[Date "2018.04.26"]
[Round "2"]
[White "Pajeken, Jakob Leon"]
[Black "Fries Nielsen, Jens Ove"]
[Result "0-1"]
[WhiteElo "2152"]
[BlackElo "2358"]
[EventDate "2018.04.25"]
[EventRounds "9"]
[EventCountry "Danmark"]
[WhiteFideId "12942839"]
[BlackFideId "1400142"]

1. e4 g6 2. d4 Bg7 3. Nc3 Na6 4. Nf3 c6 5. Bd3 Nc7 6. O-O d6 7. h3 Nf6 8. a4 O-O 9. Re1 Nh5 10. g4 Nf6 11. Bf1 d5 12. e5 Nd7 13. Bg2 a5 14. Bf4 Ne6 15. Bg3 Qb6 16. b3 Bh6 17. Qd3 Nb8 18. Ne2 Na6 19. c4 Nb4 20. Qc3 Bd7 21. Red1 Rac8 22. Ne1 Bg7 23. Nd3 f6 24. exf6 exf6 25. Bd6 dxc4 26. Nxb4 axb4 27. Bxb4 f5 28. Bxf8 Rxf8 29. Qxc4 fxg4 30. hxg4 Kh8 31. a5 Qd8 32. Qd3 Nf4 33. Nxf4 Rxf4 34. Qe3 Rxg4 35. f3 Rg5 36. Re1 h6 37. Rad1 Qxa5 38. f4 Rg4 39. Re2 Qf5 40. Rf2 Be6 41. Kf1 Qb5+ 42. Re2 Bxb3 43. Rb1 Rxg2 44. Kxg2 Bd5+ 45. Kh2 Qxb1 46. Re1 Qf5 47. Ra1 Qc2+  0-1

[Event "Copenhagen Chess Challenge 2018"]
[Site "Ballerup"]
[Date "2018.04.26"]
[Round "2"]
[White "Haubro, Martin"]
[Black "Jorgensen, Dennis"]
[Result "1-0"]
[WhiteElo "2358"]
[BlackElo "2164"]
[EventDate "2018.04.25"]
[EventRounds "9"]
[EventCountry "Danmark"]
[WhiteFideId "1414291"]
[BlackFideId "1408380"]

1. e4 c6 2. d4 d5 3. exd5 cxd5 4. c4 Nf6 5. Nc3 e6 6. cxd5 Nxd5 7. Bd3 Nc6 8. Nf3 Bb4 9. Qc2 Ba5 10. a3 h6 11. O-O O-O 12. Rd1 Nce7 13. Ne5 Bd7 14. Ne4 Bc6 15. Qe2 Ba4 16. Rf1 Bb6 17. Nc5 Bxc5 18. dxc5 Qc7 19. Re1 Be8 20. b4 Rd8 21. Qg4 Kh8 22. Bb2 Nf6 23. Qg3 Ned5 24. Bc4 Qc8 25. Ng4 Nxg4 26. Qxg4 Rg8 27. Qh4 Kh7 28. Rad1 Ba4 29. Rd2 Ne7 30. Bd3+ Nf5 31. Qf4 g6 32. g4 Bc6 33. Re3 g5 34. Qe5 Rxd3 35. Rexd3 Nh4 36. Qf6 e5 37. h3 Qe8 38. Qxe5 Qxe5 39. Bxe5 Nf3+ 40. Rxf3 Bxf3 41. Rd7 Kg6 42. Kh2 Re8 43. Kg3 Bc6 44. Rd6+ Re6 45. Rxe6+ fxe6 46. f4 a6 47. h4 gxf4+ 48. Kxf4 h5 49. gxh5+ Kxh5 50. Bf6 Bd5 51. Ke5 Bb3 52. Kd6 Kg6 53. Be5 Kf5 54. Bg3 Ba4 55. Kc7 Bc6 56. a4 e5 57. b5 axb5 58. axb5 Bf3 59. Kd6 e4 60. c6 bxc6 61. b6  1-0

[Event "Copenhagen Chess Challenge 2018"]
[Site "Ballerup"]
[Date "2018.04.26"]
[Round "3"]
[White "Haubro, Martin"]
[Black "Urkedal, Frode Olav Olsen"]
[Result "1/2-1/2"]
[WhiteElo "2358"]
[BlackElo "2560"]
[EventDate "2018.04.25"]
[EventRounds "9"]
[EventCountry "Danmark"]
[WhiteFideId "1414291"]
[BlackFideId "1506102"]

1. e4 e5 2. Nf3 Nc6 3. Bb5 a6 4. Ba4 Nf6 5. O-O Be7 6. Re1 b5 7. Bb3 O-O 8. a4 Bb7 9. d3 d6 10. Nc3 Na5 11. Ba2 b4 12. Ne2 c5 13. Ng3 Rb8 14. Nf5 Bc8 15. Nxe7+ Qxe7 16. Bg5 b3 17. cxb3 Bg4 18. b4 cxb4 19. Bc4 Nxc4 20. dxc4 b3 21. Ra3 Rb4 22. Rxb3 Rxc4 23. Rb6 Rd4 24. Qc2 Bxf3 25. gxf3 Qe6 26. Rxa6 Nxe4 27. Rxe4 Qg6 28. h4 h6 29. Rc6 Rd5 30. Re3 hxg5 31. Qxg6 fxg6 32. Rc4 Rd1+ 33. Kg2 Rb1 34. b4 Rf4 35. Ree4 d5 36. Rxf4 gxf4 37. Rc5 Rxb4  1/2-1/2

[Event "Copenhagen Chess Challenge 2018"]
[Site "Ballerup"]
[Date "2018.04.26"]
[Round "3"]
[White "Thybo, Jesper Sondergaard"]
[Black "Kristensen, Kaare Hove"]
[Result "1-0"]
[WhiteElo "2473"]
[BlackElo "2313"]
[EventDate "2018.04.25"]
[EventRounds "9"]
[EventCountry "Danmark"]
[WhiteFideId "1438832"]
[BlackFideId "1400940"]

1. Nf3 d5 2. g3 Nf6 3. Bg2 e6 4. O-O c5 5. c4 Nc6 6. d4 Be7 7. cxd5 exd5 8. b3 Ne4 9. Bb2 Bf6 10. Nbd2 O-O 11. Nxe4 dxe4 12. Nd2 Bxd4 13. Bxd4 Nxd4 14. Nxe4 Bg4 15. f3 Bd7 16. e3 Ne6 17. f4 Bb5 18. Rf2 Qxd1+ 19. Rxd1 Rad8 20. Rfd2 b6 21. Nc3 Ba6 22. Nd5 g6 23. Ne7+ Kg7 24. Nc6 Rxd2 25. Rxd2 Bb7 26. Nxa7 Bxg2 27. Kxg2 Ra8 28. Rd7 c4 29. bxc4 Nc5 30. Re7 Rd8 31. Kf3 Rd2 32. Nc8 Kf8 33. e4 Rxa2 34. Ra7 Rxh2 35. e5 Nb3 36. Nd6 Nd2+ 37. Kg4 Kg8 38. Kg5 h6+ 39. Kf6 Rg2 40. Rxf7 Rxg3 41. Rg7+  1-0

[Event "Copenhagen Chess Challenge 2018"]
[Site "Ballerup"]
[Date "2018.04.26"]
[Round "3"]
[White "Sylvan, Jacob"]
[Black "Bjerre, Jonas Buhl"]
[Result "0-1"]
[WhiteElo "2341"]
[BlackElo "2378"]
[EventDate "2018.04.25"]
[EventRounds "9"]
[EventCountry "Danmark"]
[WhiteFideId "1402137"]
[BlackFideId "1444948"]

1. e4 c5 2. Nf3 e6 3. d4 cxd4 4. Nxd4 Nc6 5. Nc3 Qc7 6. Be3 a6 7. Qf3 Ne5 8. Qg3 b5 9. O-O-O Nf6 10. f4 Neg4 11. Bg1 h5 12. h3 b4 13. Nb1 Nxe4 14. Qe1 Qxf4+ 15. Nd2 Nxd2 16. Rxd2 Nf6 17. Kb1 Bb7 18. Bh2 Qe4 19. Qd1 Be7 20. Nf3 Qc6 21. Ne5 Qc8 22. Bd3 Bd5 23. Re1 d6 24. Nf3 Qb7 25. Qe2 O-O 26. Nd4 g6 27. g4 h4 28. Qe3 Nh7 29. Rf2 Qa7 30. Ref1 Bg5 31. Bf4 Bxf4 32. Qxf4 e5 33. Qh6 exd4 34. g5 Qe7 35. Rf6 Rfe8 36. b3 Nxf6 37. gxf6 Qf8 38. Qxh4 Re6 39. Rg1 Qe8 40. Rg5 Re1+ 41. Kb2 Qe3  0-1

[Event "Copenhagen Chess Challenge 2018"]
[Site "Ballerup"]
[Date "2018.04.26"]
[Round "3"]
[White "Pajeken, Wolfgang"]
[Black "Strange, Mikkel"]
[Result "1/2-1/2"]
[WhiteElo "2243"]
[BlackElo "2363"]
[EventDate "2018.04.25"]
[EventRounds "9"]
[EventCountry "Danmark"]
[WhiteFideId "4622170"]
[BlackFideId "1402765"]

1. d4 d5 2. c4 e6 3. Nf3 c5 4. cxd5 exd5 5. g3 Nc6 6. Bg2 Nf6 7. O-O Be7 8. dxc5 Bxc5 9. a3 O-O 10. b4 Be7 11. Bb2 Ne4 12. Nc3 Bf6 13. Rc1 Re8 14. Ba1 Be6 15. e3 Rc8 16. Ne2 Bxa1 17. Rxa1 Bg4 18. h3 Bxf3 19. Bxf3 Qf6 20. Bg2 Rcd8 21. Qc2 Ng5 22. b5 Ne7 23. Nd4 Rc8 24. Qa4 Qb6 25. Rac1 Ne4 26. Qb4 h6 27. Rxc8 Nxc8 28. Ne2 g5 29. a4 a5 30. Qd4 Qxd4 31. Nxd4 Nb6 32. Ra1 Kf8 33. Nb3 Nc4 34. Rd1 Nc3 35. Rd3 Nxa4 36. Nxa5 Nxa5 37. Ra3 Nb6 38. Rxa5 Ke7 39. Ra7 Rb8 40. e4 Kd6 41. exd5 Nd7 42. Ra3 Re8 43. Kf1 Ne5 44. Rc3 Ra8 45. Be4 Ra4 46. f3 Nc4 47. Ke2 Rb4 48. f4 gxf4 49. gxf4 Nb6 50. Kf3 f5 51. Bc2 Nxd5 52. Rc8 Rxf4+ 53. Kg3 Rf1 54. Rh8 f4+ 55. Kh4 Ne3 56. Be4 b6 57. Rxh6+ Ke5 58. Bh7 Rg1 59. Rxb6 f3 60. Rb8 f2 61. Bd3 Kd4 62. Rf8 Kxd3 63. Rxf2 Rb1 64. Kg5 Rxb5+ 65. Kf6 Rh5 66. Ra2 Nd5+ 67. Ke6 Nc3 68. Rh2 Ke4 69. h4 Rh6+ 70. Kf7 Nd5 71. h5 Kf5 72. Rf2+ Nf4 73. Ke7 Ke5 74. Kd7 Nd3 75. Rh2 Kd5 76. Ke7 Ke5 77. Kd7 Nf4 78. Rh1 Rd6+ 79. Kc7 Nd5+ 80. Kb7 Rb6+ 81. Ka7 Rh6 82. Kb7 Kd6 83. Rh2 Kc5 84. Rc2+ Kb5 85. Rb2+ Nb4 86. Kc7 Rxh5 87. Kd6 Kc4 88. Ke6 Nd3 89. Rb1 Kd4 90. Ra1 Nc5+ 91. Kf6 Ne4+ 92. Ke6 Rh6+ 93. Kf5 Rf6+ 94. Kg4 Nc3 95. Ra3 Rf8 96. Kg5 Nd5 97. Ra1 Ne3 98. Ra3 Ke4 99. Ra4+ Ke5 100. Ra5+ Nd5 101. Kg4 Rb8 102. Kf3 Rb3+ 103. Ke2 Ke4 104. Ra4+ Nb4 105. Kd2 Rd3+ 106. Ke2 Rd4 107. Ra8 Nd3 108. Re8+ Ne5 109. Re7 Rd8 110. Rh7 Ng6 111. Kf2 Rd3 112. Ra7 Rf3+ 113. Ke2 Nf4+ 114. Kd2 Rf2+ 115. Kc3 Nd5+ 116. Kb3 Kd4 117. Rd7 Rf8 118. Kc2 Rf2+ 119. Kb3 Rf6 120. Rd8 Rc6 121. Rh8 Rb6+ 122. Kc2 Ne3+ 123. Kc1 Kc3 124. Rc8+ Nc4 125. Kd1 Re6 126. Rc7 Re8 127. Rc6 Kd3 128. Rc7 Kc3 129. Rc6 Kd3 130. Rc7 Nb2+ 131. Kc1 Re2 132. Rd7+ Kc3 133. Rc7+ Nc4 134. Kd1 Rd2+ 135. Ke1  1/2-1/2